000 00530nam a2200193 a 4500
001 1771297337406
003 YourLibrary
005 20260217083536.0
008 260217s2007##################000#0#eng##
020 _a9781418014117
082 0 4 _a333.3380664
_bADA
100 1 _aIec,
_eauthor.
245 1 0 _aIec Year 1 Apprenticeship Student Manual 2007/2008 :
260 _bCengage Learning,
_c2007.
300 _a678 pages
650 0 _aTechnology & Engineering.
942 _cENGLISH
040 _aYourLibrary
_beng
_cYourLibrary
999 _c612845
_d612845